Bringing words to life : (رقم التسجيلة. 35034)

تفاصيل مارك
000 -الفاتح
حقل البيانات ثابتة الطول 00925cam a2200253 a 4500
001 - رقم الضبط
رقم الضبط 17428362
003 - محدد رقم الضبط
رقم الضبط OSt
005 - وقت وتاريخ اخر تعامل مع التسجيلة
رقم الضبط 20150408114217.0
008 - عناصر البيانات ثابتة الطول - معلومات عامة
حقل البيانات ثابتة الطول 120813s2013 nyua g b 001 0 eng
020 ## - الرقم الدولى المعيارى للكتب
الرقم الدولى المعيارى للكتاب 9781462508167 (pbk.)
040 ## - مصدر الفهرسة
وكالة الفهرسة الأصلية Ma-Un
082 00 - رقم تصنيف ديوى العشرى
رقم الطبعة 23
رقم التصنيف 372.44
رقم المادة BIB
100 1# - المدخل الرئيسى - إسم شخصى
الإسم الشخصى Beck, Isabel L
9 (RLIN) 45015
245 10 - بيان العنوان
العنوان Bringing words to life :
بقية العنوان robust vocabulary instruction /
بيان المسئوليه,etc Isabel L. Beck, Margaret G. McKeown, Linda Kucan.
250 ## - بيان الطبعة
بيان الطبعة 2nd ed.
260 ## - PUBLICATION, DISTRIBUTION, ETC. (IMPRINT)
مكان الناشر او الموزع New York ;
-- London :
اسم الناشر او الموزع The Guilford Press,
تاريخ النشر أو التوزيع 2013.
300 ## - الوصف المادى
التعداد xiv, 210 p. :
تفاصيل ماديه اخرى للوعاء ill. ;
أبعاد الوعاء 24 cm.
504 ## - تبصرة ببليوجرافية
تبصرة ببليوجرافية,الخ Includes bibliographical references (p. 195-203) and index.
650 ## - المدخل الاضافى بالموضوع-مصطلح موضوعى
مصطلح موضوعي أو اسم جغرافي كعنصر مدخل Vocabulary
التقسيم الفرعي العام Study and teaching
700 1# - المدخل الاضافى - اسم شخصى
الإسم الشخصى Kucan, Linda
9 (RLIN) 45016
700 1# - المدخل الاضافى - اسم شخصى
الإسم الشخصى McKeown, Margaret G.
9 (RLIN) 45017
942 ## -
-- ddc
-- BOOK
999 ## -
-- 35034
-- 269534
المقتنيات
حالة الفقد نموذج السعر الفعال حالة تلف ليس للاعارة رقم الطلب رقم النسخة تاريخ الاكتساب مصدر التزويد Serial Enumeration / chronology الباركود الفرع الرئيسي Date last seen نوع المادة فى نظام كوها مصدر التصنيف او خطة الترفيف Total Checkouts Total Renewals Date last checked out
  2014-05-14   Not For Loan 372.44 BIB 1 2014-05-14 دار العرب CL 00210803 المكتبة المركزية بالمجمعة (CL) 2025-01-29 كتاب Dewey Decimal Classification 1 1 2024-11-21
  2014-05-14     372.44 BIB 2 2014-05-14 دار العرب CL 00210804 المكتبة المركزية بالمجمعة (CL) 2014-05-14 كتاب Dewey Decimal Classification      
  2014-05-14   Not For Loan 372.44 BIB 1 2014-05-14 دار العرب EMF 00210802 مكتبة مجمع الطالبات بالمجمعة (EMF) 2014-05-14 كتاب Dewey Decimal Classification      
  2014-05-14     372.44 BIB 2 2014-05-14 دار العرب EMF 00210805 مكتبة مجمع الطالبات بالمجمعة (EMF) 2014-05-14 كتاب Dewey Decimal Classification